Normal view
MARC view
Entry Personal Name
001 - CONTROL NUMBER
- control field: 27404
003 - CONTROL NUMBER IDENTIFIER
- control field: ARRUPE
005 - DATE AND TIME OF LATEST TRANSACTION
- control field: 20161110122634.0
008 - FIXED-LENGTH DATA ELEMENTS
- fixed length control field: 161110|| aca||aabn | a|a d
040 ## - CATALOGING SOURCE
- Original cataloging agency: ARRUPE
- Transcribing agency: ARRUPE
100 ## - HEADING--PERSONAL NAME
- Personal name: Gramsci, Antonio,
- Dates associated with a name: 1891-1937
- General subdivision: Influence.
670 ## - SOURCE DATA FOUND
- Source citation: Work cat.: (ARRUPE)0: Grelle, Bruce, author. 27403, Antonio Gramsci and the question of religion :, 2016